| 000 | 00709nam a22002177a 4500 | ||
|---|---|---|---|
| 003 | OSt | ||
| 005 | 20141218082344.0 | ||
| 008 | 141025b xxu||||| |||| 00| 0 eng d | ||
| 020 | _a970-10-1-1781-1 | ||
| 040 |
_aBMC _cBMC |
||
| 082 | _a658.1553 | ||
| 100 | 1 |
_927186 _aCampanella, Jack |
|
| 245 | 1 | 0 |
_aFundamentos de los costos de la calidad _b: lineamientos y práctica _cJack Campanella ; traducción, Rosa María Rosas |
| 250 | _a2ª ed | ||
| 260 |
_aMéxico D.F. [etc.] _bMcGraw-Hill _ccop. 1998 |
||
| 300 |
_aXVIII, 155 p. _c24 cm. |
||
| 595 | _aTraducción de: Principles of Quality Costs | ||
| 650 | 2 | 4 |
_926574 _aCostes de producción |
| 700 | 1 |
_98367 _aRosas Sánchez, Rosa María |
|
| 942 |
_2ddc _cBK |
||
| 999 |
_c15012 _d15012 |
||